| Tag |
First Indicator |
Second Indicator |
Subfields |
| LEADER |
00000cam a2200000 a 4500 |
| 001 |
in00001026921 |
| 005 |
20150928093027.0 |
| 008 |
910513s1990 ko 0001 eng d |
| 020 |
|
|
|a 0872960382
|
| 035 |
|
|
|a (OCoLC)23738379
|
| 035 |
|
|
|9 AFF2264AM
|
| 040 |
|
|
|a CPP
|c CPP
|d OCL
|d GZM
|d TXA
|d UtOrBLW
|
| 041 |
1 |
|
|a eng
|h kor
|
| 043 |
|
|
|a a-ko---
|
| 049 |
|
|
|a TXAM
|
| 090 |
|
|
|a PL992.415.C5292
|b C413 1990
|
| 100 |
1 |
|
|a Kim, Chu-yŏng,
|d 1939-
|
| 240 |
1 |
0 |
|a Chʻŏndung sori.
|l English
|
| 245 |
1 |
4 |
|a The sound of thunder /
|c Kim Joo-young ; translated by Chun Kyung-Ja.
|
| 264 |
|
1 |
|a Seoul, Korea :
|b Si-sa-yong-o-sa,
|c [1990]
|
| 264 |
|
4 |
|c ©1990
|
| 300 |
|
|
|a 326 pages ;
|c 23 cm.
|
| 336 |
|
|
|a text
|b txt
|2 rdacontent
|
| 337 |
|
|
|a unmediated
|b n
|2 rdamedia
|
| 338 |
|
|
|a volume
|b nc
|2 rdacarrier
|
| 500 |
|
|
|a Translation of: Chʻŏndung sori.
|
| 650 |
|
0 |
|a Korean War, 1950-1953
|v Fiction.
|
| 700 |
1 |
|
|a Ch'ŏn, Kyŏng-ja,
|d 1924-
|
| 999 |
|
|
|a MARS
|
| 999 |
f |
f |
|s d60f2110-b650-3427-afbe-234c3087bc18
|i 8b986747-cc2d-3255-85b4-9439f5fe252f
|t 0
|
| 952 |
f |
f |
|p ric
|a Texas A&M University
|b Rellis Campus
|c Joint Library Facility
|s JLF
|d Remote Storage
|t 0
|e PL992.415 .C5292 C413 1990
|h Library of Congress classification
|i unmediated -- volume
|m A14815119251
|
| 998 |
f |
f |
|a PL992.415 .C5292 C413 1990
|t 0
|l Remote Storage
|